Historia de la poesía hispano-americana; tomo i /

Guardado en:
Autor Principal: Menéndez y Pelayo, Marcelino
Formato: Libro
Publicado: Santander (españa) : Aldus, 1948
Etiquetas: Agregar Etiqueta
Sin Etiquetas, Sea el primero en etiquetar este registro!
LEADER 00448nam a22001455a 4500
001 CEM.cems004303
005 20060216000000.0
008 130507s1948##################000#0#####d
003 CEMS
082 0 4 |a H861.09 
100 1 |a Menéndez y Pelayo, Marcelino 
245 1 0 |a Historia de la poesía hispano-americana; tomo i / 
260 |a Santander (españa) :  |b Aldus,  |c 1948 
300 |a 493 p.1 
859 |a CEMS  |b BIB. CEMS - 11 de abril  |h H861.09  |i M524/  |p 6560.78  |t Ej.1  |v I  |3 I